000
00312nam a22001337a 4500
008
170712b xxu||||| |||| 00| 0 eng d
020
_a
9780781803830
041
_a
eng
080
_a
038
100
_a
23
101
_a
FJA
245
_a
ARABIC-ENGLISH, ENGLISH ARABIC DICTIONARY
_c
WORTABET, J
942
_2
udc
_c
BK
999
_c
20377
_d
20377